| 000 | 00546nam a22001931a 4500 | ||
|---|---|---|---|
| 001 | 1623 | ||
| 003 | OSt | ||
| 005 | 20260204211741.0 | ||
| 008 | 040120s2000||||dr ||||||b||||||||||spa|| | ||
| 020 | _a993482102 | ||
| 050 | _a631.4 R638s | ||
| 082 | _a631.4 R638s | ||
| 100 | _aRojas, Palacio | ||
| 245 | _aSuelos y agua: actualización profesional de los recursos naturales, agricultura sostenible y pobreza Rural / Palacio Rojas | ||
| 264 | _aSanto Domingo : CEDAF | ||
| 300 | _a126 p. | ||
| 650 | _a1.Suelo - AgriculturaĆ | ||
| 942 |
_2ddc _cBK |
||
| 999 |
_c1623 _d1623 |
||